| 000 | 00721cam a2200169Ki 4500 | ||
|---|---|---|---|
| 082 | 0 | 4 |
_a923.243 _bBIS |
| 100 | 1 |
_aBusch, Moritz, _950489 |
|
| 245 | 1 | 0 |
_aBismarck ; some secret pages of his history _cbeing a diary kept by Dr. Moritz Busch during twenty-five years' official and private intercourse with the great Chancellor. |
| 260 |
_aLondon : _bMacmillan ; _aNew York : _bMacmillan Co., _c1898. |
||
| 300 |
_a1 online resource (3 v.) : _bill., ports. |
||
| 500 | _aIncludes index. | ||
| 526 |
_a0 _b0 _c0 _d923_243000000000000_BIS |
||
| 650 |
_aMCE _9379 |
||
| 856 | 4 | 0 | _uhttp://catalog.hathitrust.org/api/volumes/oclc/681809.html |
| 856 | 4 | 0 | _uhttp://catalog.hathitrust.org/api/volumes/oclc/7856412.html |
| 942 |
_2ddc _cBK |
||
| 999 |
_c553231 _d553231 |
||